Villes traversées par l'autoroute A40 - autoroute blanche - Statistiques

Statistiques générales
  • Ce quiz a été pris 31 fois
  • Le résultat moyen est 7 sur 10
Statistiques - réponses
ville population kilomètre % Correct
Bourg-en-Bresse 41 900 42
92%
Chamonix-Mont-Blanc (Italie) 8 906 213
92%
Annemasse 39 299 153
88%
Mâcon 35 072 0
84%
Bonneville 13 050 173
68%
Saint-Julien-en-Genevois 16 810 139
68%
Sallanches 17 705 199
68%
Cluses 17 164 185
64%
Passy 11 101 206
60%
Valserhône 16 295 112
52%
Aucun quiz correspondant
Distribution des résultats
% des personnes avec chaque résultat
Percentile par nombre de réponses
Votre historique - résultats
Vous n’avez pas pris ce quiz